000
00245nam a2200109Ia 4500
008
190914s9999||||xx |||||||||||||| ||und||
100
_a
Luqman Baig
245
0
_a
Company Law
260
_a
Karachi
_b
Ghazanfar
_c
1992
300
_a
510
942
_c
BK
999
_c
9816
_d
9816